000 00298nam a2200145Ia 4500
100 _aOstergaard/ D.E.
942 _cBK
654 _aDiemaking
245 _aBasic Diemaking
260 _bMcGraw Hill
_aNewyork
_c1963
082 _a621.9
_bOst
300 _a208
546 _aENGLISH
999 _c20801
_d20801